00922 a2200157 45000010006000000050017000060080041000230030015000640400040000790800082001192450024002012640034002253000019002595050466002781000020007442328820260407155521.0260407a1971 arg spa dAR-UNSa-BCEJYS aAR-UNSa-BCEJYSbspacAR-UNSa-BCEJYS a368xSeguros. Provisión comunitaria mediante participación en los riesgos10aLecciones de seguro 1aBuenos Aires :bDepalmac1971 a120 p.c22 cm. a1. Técnicas de seguros - 2. Concepto, origen y evolución del contrato de seguro - 3. Partes - 4. Elementos específicos - 5. Formación del contrato - 6. Obligaciones y cargas del asegurado - 7. Obligaciones del asegurador - 8. Seguro de incendio - 9. Seguro de la responsabilidad civil - 9. Seguros agricolas y de animales - 10. Seguro de la responsabilidad civil - 11. Seguro de transporte - 12. Seguro de robo - 13. Seguro de personas - 14. Reaseguro.1 aHalperin, Isaac